000 00538nam a2200241 a 4500
001 nice12345678
003 IN_TiNIC
005 20260116011857.0
008 050524s1918 a grp 000 0 per
020 _a
_c100
082 0 0 _a295
_bNAQ
100 _aNaqbat, Hussam
245 _aTarikh-O-Taleem Zaritsht
260 _a
_b
_c1918
300 _a144p
500 _aincludes index and biblioraphy
505 2 _aIndex
650 _aZoroastrianism
700 1 _aNaqbat, Hussam
902 _bSRS
942 _cBK
999 _c4650
_d4650